<?xml version="1.0" encoding="UTF-8"?><?xml-stylesheet type="text/xsl" href="static/style.xsl"?><OAI-PMH xmlns="http://www.openarchives.org/OAI/2.0/" xmlns:xsi="http://www.w3.org/2001/XMLSchema-instance" xsi:schemaLocation="http://www.openarchives.org/OAI/2.0/ http://www.openarchives.org/OAI/2.0/OAI-PMH.xsd"><responseDate>2026-06-01T16:23:43Z</responseDate><request verb="GetRecord" identifier="oai:riuma.uma.es:10630/35495" metadataPrefix="marc">https://riuma.uma.es/rest/oai/request</request><GetRecord><record><header><identifier>oai:riuma.uma.es:10630/35495</identifier><datestamp>2026-02-03T11:27:28Z</datestamp><setSpec>com_10630_2254</setSpec><setSpec>col_10630_37953</setSpec></header><metadata><record xmlns="http://www.loc.gov/MARC21/slim" xmlns:dcterms="http://purl.org/dc/terms/" xmlns:doc="http://www.lyncode.com/xoai" xmlns:xsi="http://www.w3.org/2001/XMLSchema-instance" xsi:schemaLocation="http://www.loc.gov/MARC21/slim http://www.loc.gov/standards/marcxml/schema/MARC21slim.xsd">
   <leader>00925njm 22002777a 4500</leader>
   <datafield ind2=" " ind1=" " tag="042">
      <subfield code="a">dc</subfield>
   </datafield>
   <datafield ind2=" " ind1=" " tag="720">
      <subfield code="a">López-Regalado, Óscar</subfield>
      <subfield code="e">author</subfield>
   </datafield>
   <datafield ind2=" " ind1=" " tag="720">
      <subfield code="a">Núñez-Rojas, Nemecio</subfield>
      <subfield code="e">author</subfield>
   </datafield>
   <datafield ind2=" " ind1=" " tag="720">
      <subfield code="a">López-Gil, Óscar Rafael</subfield>
      <subfield code="e">author</subfield>
   </datafield>
   <datafield ind2=" " ind1=" " tag="720">
      <subfield code="a">Sánchez-Rodríguez, José</subfield>
      <subfield code="e">author</subfield>
   </datafield>
   <datafield ind2=" " ind1=" " tag="260">
      <subfield code="c">2024</subfield>
   </datafield>
   <datafield ind2=" " ind1=" " tag="520">
      <subfield code="a">Los cambios frecuentes en la educación universitaria han sido trastocados estructuralmente por la incorporación de la inteligencia artificial (IA), mediante la utilización y aplicación por parte de los estudiantes y profesores en el proceso de enseñanza aprendizaje. El objetivo fue analizar e interpretar los resultados de la inteligencia artificial en la educación universitaria y valorar sus contribuciones en el periodo de 2019 a 2023. El método se aplicó la revisión sistemática y bibliométrica para responder a las preguntas específicas de la investigación, mediante métodos de búsqueda claros, sistemáticos y replicables; se accedió a un universo de 917 publicaciones indexadas en Scopus, WoS y PubMed y se&#xd;
seleccionó una muestra de 59 artículos científicos. Los resultados indican que la mayoría de las publicaciones se han realizado en la China, seguido de España y Estados Unidos, también se evidencia escasa colaboración entre investigadores, dispersión en las temáticas específicas y el aislamiento en redes pequeñas. En las universidades, se evidencia la aplicación de las herramientas de inteligencia artificial, en su uso correcto para el desarrollo del aprendizaje profundo con la activación de procesos cognitivos superiores en los estudiantes, quienes requieren de la orientación pedagógica de los docentes&#xd;
capacitados en esta temática.</subfield>
   </datafield>
   <datafield ind1="8" ind2=" " tag="024">
      <subfield code="a">López Regalado, O., Núñez-Rojas, N., López Gil, O. R., &amp; Sánchez-Rodríguez, J. (2024). El Análisis del uso de la inteligencia artificial en la educación universitaria: una revisión sistemática (Analysis of the use of artificial intelligence in university education: a systematic review). Pixel-Bit. Revista De Medios Y Educación, 70, 97–122. https://doi.org/10.12795/pixelbit.106336</subfield>
   </datafield>
   <datafield ind1="8" ind2=" " tag="024">
      <subfield code="a">https://hdl.handle.net/10630/35495</subfield>
   </datafield>
   <datafield ind1="8" ind2=" " tag="024">
      <subfield code="a">10.12795/pixelbit.106336</subfield>
   </datafield>
   <datafield tag="653" ind2=" " ind1=" ">
      <subfield code="a">Investigación activa en educación</subfield>
   </datafield>
   <datafield tag="653" ind2=" " ind1=" ">
      <subfield code="a">Inteligencia artificial - Estudio y enseñanza superior</subfield>
   </datafield>
   <datafield ind2="0" ind1="0" tag="245">
      <subfield code="a">Análisis del uso de la inteligencia artificial en la educación universitaria: una revisión sistemática.</subfield>
   </datafield>
</record>
</metadata></record></GetRecord></OAI-PMH>